000 00458cam a2200181ua 4500
020 _c9.5
041 _aeng
_h
082 _a338.642
_bRAM/FI
100 _aRamakrishna, K T .
245 _aFinances for small scale industry in India /
_cK T Ramakrishna.
_hTextual Documents
250 _a1 /
_b.
260 _aMumbai :
_bAsia Publishing House ,
_c1962.
300 _a79 ; .
365 _a9.5
504 _a
942 _cBK
999 _c11411
_d11411